Una tarea contradictoria: educar para los valores y preparar para la vida

Saved in:
Bibliografiske detaljer
Hovedforfatter: Santos Guerra, Miguel Angel (Author)
Format: Bog
Sprog:spansk
Udgivet: Buenos Aires Magisterio del Río de La Plata 2001
Serier:Respuestas Educativas
Fag:
Tags: Tilføj Tag
Ingen Tags, Vær først til at tagge denne postø!

MARC

LEADER 00000nam a2200000 a 4500
001 UCL0184
003 CL-VaPUC
008 030627e20010000AG |||||||||||||||||spa|d
020 |a 9505502842 
082 0 4 |a 370.114  |b SAN  |2 21 
100 0 |a Santos Guerra, Miguel Angel  |e author  |9 476968 
245 1 4 |a Una tarea contradictoria: educar para los valores y preparar para la vida 
300 |a 281 p 
942 |c BK 
945 |d 20030627 00:00:00  |a cmena 
260 |a Buenos Aires  |b Magisterio del Río de La Plata  |c 2001 
650 0 |a Educación moral  |9 308319 
650 0 |a Valores morales   |9 310604 
650 0 |a Métodos de enseñanza  |9 270413 
650 0 |a Rol del docente  |9 329733 
583 |a last modification  |c 20030627 00:00:00  |k Rodrigo Vera 
490 0 |a Respuestas Educativas 
999 |c 304202  |d 304200 
952 |0 0  |1 0  |4 0  |6 370_114000000000000_SAN_2001  |7 0  |8 A  |9 366091  |a BIBEDU  |b BIBEDU  |d 2019-11-21  |i 3918378  |o 370.114 SAN 2001  |p 3918378  |r 2019-11-21  |w 2019-11-21  |y BK  |k EPE 
952 |0 0  |1 0  |4 0  |6 370_114000000000000_SAN_2001  |7 0  |8 A  |9 366092  |a BIBTEO  |b BIBTEO  |d 2019-11-21  |i 3962016  |o 370.114 SAN 2001  |p 3962016  |r 2025-01-17  |w 2019-11-21  |y BK  |k ICR 
952 |0 0  |1 0  |4 0  |6 370_114000000000000_SAN_2001  |7 0  |8 A  |9 366093  |a BIBEDU  |b BIBEDU  |d 2019-11-21  |i 4021746  |o 370.114 SAN 2001  |p 4021746  |r 2019-11-21  |w 2019-11-21  |y BK  |k PAR